[Event "Oberliga Sued W 1718"]
[Site "Germany"]
[Date "2018.04.15"]
[Round "11.7"]
[White "Schaefer, Jochen"]
[Black "Magar, Johannes"]
[Result "0-1"]
[WhiteElo "2133"]
[BlackElo "2094"]
[PlyCount "138"]
[EventDate "2017.09.10"]
[EventType "team-tourn"]
[EventRounds "11"]
[EventCountry "GER"]
[SourceTitle "EXT 2019"]
[Source "ChessBase"]
[SourceDate "2018.10.10"]
[SourceVersion "1"]
[SourceVersionDate "2018.10.10"]
[SourceQuality "1"]
[WhiteTeam "Heimbach Weis/Neuwied"]
[BlackTeam "Trier"]
[WhiteTeamCountry "GER"]
[BlackTeamCountry "GER"]

1. Nf3 e6 2. g3 f5 3. Bg2 Nf6 4. 0-0 Be7 5. d3 0-0 6. Nbd2 Nc6 7. e4 fxe4 8. dxe4 e5 9. c3 Kh8 10. Qc2 d6 11. Nc4 Qe8 12. Ne3 Qh5 13. Re1 a5 14. Nd2 Ng4 15. Nxg4 Bxg4 16. f3 Be6 17. Qd3 Rab8 18. Nf1 Bh3 19. Qe2 Rf7 20. g4 Qh4 21. Ng3 Bxg2 22. Kxg2 g6 23. Be3 Rbf8 24. Rf1 Nd8 25. Qc4 Bg5 26. Bg1 Bh6 27. Rad1 Qe7 28. Ne2 Ne6 29. b4 axb4 30. cxb4 Bf4 31. a4 Bg5 32. a5 Bh4 33. b5 Qd7 34. h3 h5 35. Be3 hxg4 36. fxg4 Rxf1 37. Rxf1 Rxf1 38. Kxf1 Qf7+ 39. Kg1 Qf3 40. Bc1 Qf2+ 41. Kh1 Qf1+ 42. Kh2 Bg5 43. Qxe6 Qxe2+ 44. Kg1 Qe1+ 45. Kg2 Qxc1 46. Qxg6 Qd2+ 47. Kf1 Qd1+ 48. Kg2 Qe2+ 49. Kg3 Qe3+ 50. Kg2 Qd2+ 51. Kg3 Qc1 52. a6 bxa6 53. bxa6 Qg1+ 54. Kf3 Qf1+ 55. Kg3 Be3 56. Qe8+ Kg7 57. Qd7+ Qf7 58. Qxf7+ Kxf7 59. g5 c6 60. Kg4 Bb6 61. h4 d5 62. exd5 cxd5 63. Kf3 Kg6 64. Ke2 Kf5 65. Kd2 e4 66. Ke2 d4 67. Kd2 d3 68. Kc3 Be3 69. Kb3 Bd4 0-1

[Event "Oberliga Sued W 1718"]
[Site "Germany"]
[Date "2017.11.26"]
[Round "5.4"]
[White "Schaefer, Jochen"]
[Black "Bauer, Bjoern Benny"]
[Result "1-0"]
[WhiteElo "2133"]
[BlackElo "2206"]
[PlyCount "57"]
[EventDate "2017.09.10"]
[EventType "team-tourn"]
[EventRounds "11"]
[EventCountry "GER"]
[SourceTitle "EXT 2019"]
[Source "ChessBase"]
[SourceDate "2018.10.10"]
[SourceVersion "1"]
[SourceVersionDate "2018.10.10"]
[SourceQuality "1"]
[WhiteTeam "Heimbach Weis/Neuwied"]
[BlackTeam "Gau Algesheim"]
[WhiteTeamCountry "GER"]
[BlackTeamCountry "GER"]

1. Nf3 c5 2. g3 d5 3. Bg2 Nc6 4. 0-0 e5 5. c4 d4 6. d3 Be7 7. b4 cxb4 8. a3 bxa3 9. Qa4 Bd7 10. Bxa3 Nf6 11. Nbd2 0-0 12. Rfb1 Rb8 13. Ng5 Ne8 14. Nge4 b6 15. Nc5 bxc5 16. Bxc6 Rxb1+ 17. Rxb1 Bxc6 18. Qxc6 Qa5 19. Bc1 Nf6 20. Kg2 Rd8 21. Rb7 Kf8 22. Nf3 Qa2 23. Qc7 Re8 24. Qxe5 Qa6 25. Qc7 Qe6 26. e4 dxe3 27. Bxe3 Qf5 28. Ne5 Rc8 29. Qxe7+ 1-0

[Event "Oberliga Sued W 1415"]
[Site "Germany"]
[Date "2014.09.21"]
[Round "1.8"]
[White "Schaefer, Jochen"]
[Black "Biehler, Thomas"]
[Result "1/2-1/2"]
[WhiteElo "2172"]
[BlackElo "2254"]
[PlyCount "21"]
[EventDate "2014.09.21"]
[EventType "team-tourn"]
[EventRounds "9"]
[EventCountry "GER"]
[SourceTitle "EXT 2019"]
[Source "ChessBase"]
[SourceDate "2018.10.10"]
[SourceVersion "1"]
[SourceVersionDate "2018.10.10"]
[SourceQuality "1"]
[WhiteTeam "Heimbach Weis/Neuwied"]
[BlackTeam "Illingen Turm"]
[WhiteTeamCountry "GER"]
[BlackTeamCountry "GER"]

1. d4 Nf6 2. Nf3 e6 3. Bg5 d5 4. Nbd2 c5 5. e4 Nc6 6. c3 cxd4 7. cxd4 dxe4 8. Nxe4 Be7 9. Nxf6+ Bxf6 10. Bxf6 Qxf6 11. Bb5 1/2-1/2

[Event "Rheinland Pfalz op 4th"]
[Site "Altenkirchen"]
[Date "2012.06.10"]
[Round "7"]
[White "Schaefer, Jochen"]
[Black "Zhang, Fan"]
[Result "1-0"]
[WhiteElo "2197"]
[BlackElo "2095"]
[PlyCount "79"]
[EventDate "2012.06.07"]
[EventType "swiss"]
[EventRounds "7"]
[EventCountry "GER"]
[SourceTitle "CBM 148 Extra"]
[Source "ChessBase"]
[SourceDate "2012.06.22"]
[SourceVersion "1"]
[SourceVersionDate "2012.06.22"]
[SourceQuality "1"]

1. d4 d5 2. Nf3 Nf6 3. c4 c6 4. Nc3 a6 5. e3 b5 6. b3 Bg4 7. Be2 Nbd7 8. 0-0 e6 9. a4 b4 10. Na2 a5 11. Bb2 Bd6 12. Ne5 Bxe2 13. Qxe2 Rc8 14. Nc1 0-0 15. Ncd3 Bb8 16. Rac1 Nxe5 17. dxe5 Nd7 18. f4 Qe7 19. Rc2 Nb6 20. c5 Nd7 21. Qh5 f6 22. exf6 Nxf6 23. Qh4 Rce8 24. g4 Ne4 25. g5 Rf5 26. Qg4 Ref8 27. Rf3 Qf7 28. Rg2 Rxg5 29. Qxg5 Nxg5 30. Rxg5 g6 31. Rfg3 Rc8 32. h4 Kf8 33. h5 e5 34. hxg6 hxg6 35. Bxe5 Ke7 36. Bxb8 Rxb8 37. Ne5 Qe8 38. Rxg6 Rc8 39. f5 Qh8 40. Re6+ 1-0

[Event "Rheinland Pfalz op 4th"]
[Site "Altenkirchen"]
[Date "2012.06.07"]
[Round "2"]
[White "Hoffmann, Thomas"]
[Black "Schaefer, Jochen"]
[Result "1-0"]
[WhiteElo "1960"]
[BlackElo "2197"]
[PlyCount "56"]
[EventDate "2012.06.07"]
[EventType "swiss"]
[EventRounds "7"]
[EventCountry "GER"]
[SourceTitle "CBM 148 Extra"]
[Source "ChessBase"]
[SourceDate "2012.06.22"]
[SourceVersion "1"]
[SourceVersionDate "2012.06.22"]
[SourceQuality "1"]

1. d4 Nf6 2. c4 g6 3. Nc3 Bg7 4. g3 d6 5. Bg2 0-0 6. Nf3 Bf5 7. Nh4 Nc6 8. Nxf5 gxf5 9. 0-0 Rb8 10. Bg5 Qe8 11. e3 e6 12. Rb1 Nd7 13. Nb5 Rc8 14. Bxc6 bxc6 15. Nxa7 Ra8 16. Nxc6 f6 17. Bh4 Nb6 18. Nb4 c5 19. dxc5 dxc5 20. Nd3 Qc6 21. a3 Rfd8 22. Qe2 Nxc4 23. Rfc1 Rxd3 24. Rxc4 Rad8 25. Rc2 c4 26. Rbc1 Qe8 27. h3 e5 28. Rxc4 f4 1-0

[Event "SVR-ch MTA 35th"]
[Site "Nickenich"]
[Date "2012.04.05"]
[Round "6"]
[White "Lutz, Oliver"]
[Black "Schaefer, Jochen"]
[Result "0-1"]
[WhiteElo "1937"]
[BlackElo "2157"]
[PlyCount "58"]
[EventDate "2012.03.30"]
[EventType "tourn"]
[EventRounds "9"]
[EventCountry "GER"]
[SourceTitle "EXT 2013"]
[Source "ChessBase"]
[SourceDate "2012.11.22"]
[SourceVersion "1"]
[SourceVersionDate "2012.11.22"]
[SourceQuality "1"]

1. Nc3 e5 2. Nf3 d6 3. d4 Nd7 4. e4 Be7 5. Bc4 Ngf6 6. Ng5 0-0 7. Bxf7+ Rxf7 8. Ne6 Qe8 9. Nxc7 Qd8 10. Nxa8 b5 11. dxe5 Nxe5 12. Nd5 Nxd5 13. Qxd5 Qd7 14. a4 Bb7 15. Qxb5 Qc8 16. Nb6 axb6 17. Qxb6 Bxe4 18. Be3 Bxg2 19. 0-0-0 Bxh1 20. Rxh1 Qa8 21. Rg1 Qxa4 22. Kb1 Nc4 23. Qb3 Qa6 24. Qc3 Bf6 25. Bd4 Ra7 26. b3 Bxd4 27. Qxd4 Qa2+ 28. Kc1 Qa1+ 29. Qxa1 Rxa1# 0-1

[Event "SVR-ch MTA 35th"]
[Site "Nickenich"]
[Date "2012.04.01"]
[Round "4"]
[White "Schaefer, Jochen"]
[Black "Reifenroether, Michael"]
[Result "1-0"]
[WhiteElo "2157"]
[BlackElo "2031"]
[PlyCount "63"]
[EventDate "2012.03.30"]
[EventType "tourn"]
[EventRounds "9"]
[EventCountry "GER"]
[SourceTitle "EXT 2013"]
[Source "ChessBase"]
[SourceDate "2012.11.22"]
[SourceVersion "1"]
[SourceVersionDate "2012.11.22"]
[SourceQuality "1"]

1. Nf3 d5 2. d4 Nf6 3. c4 c6 4. Qc2 e6 5. Bg5 Nbd7 6. e3 Qa5+ 7. Nfd2 Ne4 8. Bf4 Bb4 9. f3 Nxd2 10. Nxd2 dxc4 11. Bxc4 e5 12. Bg3 0-0 13. 0-0-0 exd4 14. Nb3 Qxa2 15. Rxd4 c5 16. Rh4 g6 17. Rd1 a5 18. Rd6 Ra6 19. Bxa6 bxa6 20. Nd2 c4 21. Rdd4 Nc5 22. Rxc4 Bf5 23. e4 Rd8 24. Rxb4 Nd3+ 25. Qxd3 Rxd3 26. Rb8+ Kg7 27. exf5 Qd5 28. f6+ Kxf6 29. Ne4+ Ke7 30. Bd6+ Ke6 31. Re8+ Kf5 32. g4# 1-0

[Event "SVR-ch MTA 35th"]
[Site "Nickenich"]
[Date "2012.04.01"]
[Round "5"]
[White "Thieme Garmann, Alexander"]
[Black "Schaefer, Jochen"]
[Result "0-1"]
[WhiteElo "2032"]
[BlackElo "2157"]
[PlyCount "96"]
[EventDate "2012.03.30"]
[EventType "tourn"]
[EventRounds "9"]
[EventCountry "GER"]
[SourceTitle "EXT 2013"]
[Source "ChessBase"]
[SourceDate "2012.11.22"]
[SourceVersion "1"]
[SourceVersionDate "2012.11.22"]
[SourceQuality "1"]

1. e4 c6 2. d4 d6 3. Nf3 Nd7 4. Be2 e5 5. 0-0 Ngf6 6. Nc3 Be7 7. a4 a5 8. Re1 0-0 9. Bf1 Re8 10. h3 Bf8 11. g3 Qc7 12. Bg2 g6 13. b3 b6 14. Bb2 Bg7 15. dxe5 dxe5 16. Nd2 Bf8 17. Nc4 Ba6 18. Bf1 Nc5 19. Qf3 Nfd7 20. Red1 Ra7 21. Ne3 Bxf1 22. Kxf1 Ne6 23. Nb1 Bg7 24. h4 Nd4 25. Qg2 Qc8 26. Nd2 Nc5 27. Ndc4 Qa6 28. Kg1 Rd7 29. Kh1 Qa7 30. Ba3 Nce6 31. Bb2 Qc7 32. Bc3 Rb8 33. Be1 Rbd8 34. f3 f5 35. Rdb1 f4 36. Ng4 h5 37. Nh2 fxg3 38. Bxg3 Nf4 39. Qf2 Nde2 40. Re1 b5 41. axb5 cxb5 42. Ne3 Rd2 43. Rad1 Rxd1 44. Rxd1 Rxd1+ 45. Nxd1 Qxc2 46. Ne3 Qxb3 47. Bxf4 Nxf4 48. Nhf1 a4 0-1